000 00474nmm a2200157Ia 4500
008 251105s9999||||xx |||||||||||||||||und||
020 _a9788431528591
041 _aspa
100 _aGasparini, Mariolina
245 0 _aHacer marcos. Decorar el hogar
264 _a[Madrid, España] :
_bDe Vecchi,
_c[Fecha de publicación no identificada]
300 _a0 páginas
650 _aTravel & Sports
856 _uhttps://public.digitaliapublishing.com/a/121752
942 _cCF
999 _c81178
_d81178